00425nam a2200157Ia 45000010006000000050017000060080041000230410008000640820016000721000042000882450084001302600009002143000028002236500008002516540008002591672620260306170332.0260306t2021||||xx |||||||||||||| ||und|| aESP a349.71bG67 aGonzales Jauregui, Yobani MaikeleAUT 0aLegislación canónica y matrimonios de esclavizados en la América colonial c2021 a500 páginas :c21 cm. aGEN aCDE